000 00443nam a2200181Ia 4500
005 20230819103832.0
008 131103s9999 xx 000 0 und d
040 _aLoreto College
041 _aEnglish
082 _a910.4
_bARN
100 _aArnold,Elliot
245 _aRescue
_cElliot Arnold
260 _aNew York
_bBantam Books
_c1958
300 _a[5],216 p.
_b ill.,fig.,maps.
650 _aGeography
850 _aLCLIB
942 _cBK
999 _c3235
_d53714